000 01123nam a22002417a 4500
999 _c18931
_d18931
005 20251125232911.0
008 s2540 th tha d
020 _a9748947181
040 _aNALT
041 _atha
100 0 _aไชยยุทธ ณ นคร
245 1 0 _aรวมกฎหมายควบคุมอาคาร เล่มที่ 3
260 3 _aกรุงเทพฯ :
_bสมาคมวิศวกรรมสถานแห่งประเทศไทย ในพระบรมราชูปถัมภ์,
_c2540
300 _a430 หน้า ;
_b 29 ซม.
650 0 4 _aอาคาร -- กฎหมายและระเบียบข้อบังคับ
650 0 4 _aอาคารชุด -- กฎหมายและระเบียบข้อบังคับ
700 0 _aไชยยุทธ ณ นคร
850 _aNALT
856 4 0 _uhttps://hdl.handle.net/20.500.14156/460633
_71
942 _cLB
_2lcc
998 _j25
_k นีลวัสน์ อินทรักษา
090 _aKP147 ช885ร 2540 ล.3